[Event "Mauricie op"]
[Site "Trois-Rivieres CAN"]
[Date "2026.03.21"]
[Round "3.5"]
[White "Cassista, Jeremie"]
[Black "Luksza, Arkadiusz"]
[Result "0-1"]
[WhiteElo "1879"]
[BlackElo "2013"]
[WhiteFideId "-1"]
[BlackFideId "-1"]
[PlyCount "88"]
[GameId "2292047392224843"]
[EventDate "2026.03.20"]
[EventType "swiss"]
[EventRounds "5"]
[EventCountry "CAN"]

1. d4 g6 2. Nf3 Bg7 3. e4 c5 4. d5 d6 5. Bd3 Nf6 6. O-O O-O 7. a4 Nbd7 8. c3 Ng4 9. Nbd2 Nde5 10. Nxe5 Nxe5 11. Be2 f5 12. f3 f4 13. Nc4 g5 14. g4 Qe8 15. Kg2 Qg6 16. Bd2 Nxc4 17. Bxc4 Bxg4 18. Kh1 Bh3 19. Rg1 Kh8 20. Rb1 Be5 21. Bf1 Bd7 22. b4 cxb4 23. Rxb4 Rab8 24. Bb5 Bc8 25. Qf1 Qh5 26. Be2 Rg8 27. Rb2 Rg6 28. Qf2 Rh6 29. Be1 Ra8 30. Bd1 Qg6 31. Qe2 Qf6 32. Qd3 Rh3 33. Rbg2 g4 34. Qb5 g3 35. Qe8+ Kg7 36. Rc2 Qf8 37. Qxf8+ Kxf8 38. Rgg2 Bd7 39. Rc1 Kf7 40. c4 Rc8 41. a5 b6 42. Be2 Rh6 43. Bd3 Bh3 44. Ra2 Bd4 0-1

[Event "Mauricie op"]
[Site "Trois-Rivieres CAN"]
[Date "2026.03.21"]
[Round "3.6"]
[White "Genzling, Jerome"]
[Black "Fiset, Anais Chloe"]
[Result "1-0"]
[WhiteElo "2146"]
[BlackElo "1905"]
[WhiteFideId "-1"]
[BlackFideId "-1"]
[PlyCount "63"]
[GameId "2292047392224844"]
[EventDate "2026.03.20"]
[EventType "swiss"]
[EventRounds "5"]
[EventCountry "CAN"]

1. e4 c5 2. Nf3 e6 3. d4 cxd4 4. Nxd4 Nc6 5. g3 d5 6. Nxc6 bxc6 7. Bg2 Ba6 8. Nc3 Nf6 9. a3 Qb6 10. b4 dxe4 11. Be3 Qc7 12. Nxe4 Nd5 13. Qd4 e5 14. Qd2 Be7 15. Nc5 Bc4 16. Bf1 Bxf1 17. Kxf1 O-O 18. c4 Nxe3+ 19. Qxe3 a5 20. Kg2 Rfe8 21. Rhe1 f6 22. Red1 Qa7 23. Rab1 axb4 24. axb4 Bxc5 25. bxc5 Qa2 26. Qe4 Rad8 27. Qxc6 Qxc4 28. Rb7 Rf8 29. Rdd7 Rxd7 30. Rxd7 Qc2 31. Qd5+ Kh8 32. Rd8 1-0

[Event "Mauricie op"]
[Site "Trois-Rivieres CAN"]
[Date "2026.03.21"]
[Round "3.7"]
[White "Iordanescu, Victor Nicolae"]
[Black "Dufresne, Christophe"]
[Result "1-0"]
[WhiteElo "2070"]
[BlackElo "1932"]
[WhiteFideId "-1"]
[BlackFideId "-1"]
[PlyCount "111"]
[GameId "2292047392224845"]
[EventDate "2026.03.20"]
[EventType "swiss"]
[EventRounds "5"]
[EventCountry "CAN"]

1. e3 d5 2. Nf3 Nf6 3. c4 c6 4. Nc3 e6 5. Qc2 Bd6 6. Be2 O-O 7. d4 Nbd7 8. O-O dxc4 9. Bxc4 b5 10. Bd3 Bb7 11. b3 a6 12. Bb2 c5 13. Ne4 Nxe4 14. Bxe4 Bxe4 15. Qxe4 Nf6 16. Qd3 cxd4 17. Qxd4 Qe7 18. Ne5 Rac8 19. Rac1 Bc5 20. Qh4 Nd5 21. Qxe7 Bxe7 22. Nc6 Bd6 23. Rfd1 Rc7 24. e4 Nf4 25. Kf1 Rd7 26. e5 Bxe5 27. Nxe5 Rd5 28. Rxd5 Nxd5 29. g3 f6 30. Nd7 Rd8 31. Nc5 Rd6 32. Ne4 Rd7 33. a3 e5 34. Ke2 Kf7 35. Rd1 Ke7 36. Nc5 Rd6 37. Nxa6 Rxa6 38. Rxd5 Rb6 39. Bc3 Ke6 40. Rc5 Kd6 41. Rc8 Rb7 42. a4 bxa4 43. bxa4 Kd7 44. Rc4 Kd6 45. a5 Ra7 46. Rb4 Kc5 47. Rb8 Kc4 48. Rc8+ Kb5 49. Ke3 Rd7 50. Ra8 Rc7 51. Bd2 f5 52. a6 Kb6 53. Ke2 Rc2 54. Kd3 Ra2 55. Be3+ Kc6 56. a7 1-0

[Event "Mauricie op"]
[Site "Trois-Rivieres CAN"]
[Date "2026.03.21"]
[Round "3.8"]
[White "Chabot, Roland"]
[Black "Duval, Mathieu"]
[Result "1-0"]
[WhiteElo "2002"]
[BlackElo "1893"]
[WhiteFideId "-1"]
[BlackFideId "-1"]
[PlyCount "43"]
[GameId "2292047392224846"]
[EventDate "2026.03.20"]
[EventType "swiss"]
[EventRounds "5"]
[EventCountry "CAN"]

1. d4 Nf6 2. c4 e6 3. Nc3 d5 4. Bg5 c6 5. e3 Nbd7 6. cxd5 exd5 7. Bd3 Be7 8. Qc2 O-O 9. Nf3 Re8 10. O-O Nf8 11. h3 Ne6 12. Bxf6 Bxf6 13. Bxh7+ Kh8 14. Bd3 b6 15. Rad1 Bb7 16. Nh2 c5 17. dxc5 bxc5 18. Ng4 Ng5 19. f4 Ne6 20. Bb5 Rg8 21. Qf5 Nf8 22. Bd3 1-0

[Event "Mauricie op"]
[Site "Trois-Rivieres CAN"]
[Date "2026.03.21"]
[Round "3.9"]
[White "Sun, Jonathan"]
[Black "Beaudry, Marc-Andre"]
[Result "1-0"]
[WhiteElo "1947"]
[BlackElo "2002"]
[WhiteFideId "-1"]
[BlackFideId "-1"]
[PlyCount "39"]
[GameId "2292047392224847"]
[EventDate "2026.03.20"]
[EventType "swiss"]
[EventRounds "5"]
[EventCountry "CAN"]

1. e4 c5 2. Nf3 Nc6 3. b4 Nxb4 4. c3 Nc6 5. d4 cxd4 6. cxd4 e6 7. Nc3 Nf6 8. e5 Bb4 9. Bd2 Bxc3 10. Bxc3 Ne4 11. Rc1 d6 12. Bb5 Bd7 13. exd6 Nxd6 14. Bd3 O-O 15. O-O Ne7 16. Bxh7+ Kxh7 17. Ng5+ Kg6 18. Qg4 f5 19. Qg3 f4 20. Qg4 1-0

[Event "Mercredi 2026.01.07 ABCD"]
[Site "Montreal CAN"]
[Date "2026.01.07"]
[Round "1"]
[White "Ramesan, Raunak Amit"]
[Black "Pomerantz, Daniel"]
[Result "1-0"]
[WhiteElo "2071"]
[BlackElo "2053"]
[WhiteFideId "-1"]
[BlackFideId "-1"]
[PlyCount "69"]
[GameId "2274321074736143"]
[EventDate "2026.01.07"]
[EventType "tourn"]
[EventRounds "5"]
[EventCountry "CAN"]

1. e4 c5 2. Nf3 Nc6 3. d4 cxd4 4. Nxd4 Nf6 5. Nc3 d6 6. Bg5 e6 7. Qd2 a6 8. O-O-O Bd7 9. f4 Be7 10. Nf3 b5 11. a3 h6 12. Bh4 g5 13. Bg3 Ng4 14. f5 Nge5 15. Nxe5 Nxe5 16. fxe6 fxe6 17. Be2 h5 18. Rhf1 Qc7 19. Qe1 O-O-O 20. Bxe5 dxe5 21. Rf7 Bc5 22. Kb1 Bd4 23. Na2 Qc6 24. Nb4 Qb6 25. c3 Bc5 26. Qg3 a5 27. Nc2 Bc6 28. Qxe5 Rxd1+ 29. Bxd1 Rd8 30. Bxh5 Bd6 31. Qxe6+ Bd7 32. Rxd7 Rxd7 33. Bg4 Qc7 34. Nd4 Kd8 35. Nxb5 1-0

[Event "Mercredi 2026.01.07 ABCD"]
[Site "Montreal CAN"]
[Date "2026.01.07"]
[Round "1"]
[White "Latorre, Vincent"]
[Black "Genzling, Jerome"]
[Result "1-0"]
[WhiteElo "2362"]
[BlackElo "2140"]
[WhiteFideId "-1"]
[BlackFideId "-1"]
[PlyCount "63"]
[GameId "2274321074756624"]
[EventDate "2026.01.07"]
[EventType "tourn"]
[EventRounds "5"]
[EventCountry "CAN"]

1. e4 c5 2. Nf3 Nc6 3. d4 cxd4 4. Nxd4 g6 5. c4 Bg7 6. Be3 Nf6 7. Nc3 d6 8. Be2 Nxd4 9. Bxd4 O-O 10. O-O a5 11. Kh1 Bd7 12. f4 Bc6 13. Qd3 Nd7 14. Bxg7 Kxg7 15. b3 Qb6 16. Nd5 Bxd5 17. exd5 Kg8 18. Rfb1 Qf2 19. Qd2 Rfc8 20. Rf1 Qb6 21. Rae1 Rc7 22. Bd1 Re8 23. f5 Ne5 24. Re4 Kg7 25. Rh4 h5 26. fxg6 fxg6 27. Rxh5 gxh5 28. Qg5+ Kh8 29. Bc2 e6 30. Qxh5+ Kg8 31. Qxe8+ Kg7 32. Qf8# 1-0

[Event "Mercredi 2026.01.07 ABCD"]
[Site "Montreal CAN"]
[Date "2026.01.07"]
[Round "1"]
[White "Batorshyn, Ilia"]
[Black "Chapdelaine, Gwyn"]
[Result "1-0"]
[WhiteElo "2267"]
[BlackElo "2126"]
[WhiteFideId "-1"]
[BlackFideId "-1"]
[PlyCount "71"]
[GameId "2274321074760721"]
[EventDate "2026.01.07"]
[EventType "tourn"]
[EventRounds "5"]
[EventCountry "CAN"]

1. d4 d5 2. Nf3 Nf6 3. Bf4 Bf5 4. e3 e6 5. Nbd2 h6 6. h3 Nbd7 7. Bd3 g5 8. Bh2 Bg7 9. Ne5 Ne4 10. Nxd7 Qxd7 11. Bxe4 Bxe4 12. Nxe4 dxe4 13. Qg4 f5 14. Qh5+ Qf7 15. Qxf7+ Kxf7 16. Bxc7 Rac8 17. Ba5 e5 18. c3 b6 19. Bb4 a5 20. Ba3 exd4 21. exd4 b5 22. Bc5 Bf8 23. b4 axb4 24. cxb4 Bxc5 25. dxc5 Rhd8 26. Ke2 Rd4 27. a3 Ra8 28. Rhd1 Rc4 29. Rac1 Rxa3 30. Rxc4 bxc4 31. c6 Ke7 32. c7 Ra8 33. b5 c3 34. b6 c2 35. Rc1 Kd7 36. b7 1-0

[Event "Mercredi 2026.01.07 ABCD"]
[Site "Montreal CAN"]
[Date "2026.01.14"]
[Round "2"]
[White "Ramesan, Raunak Amit"]
[Black "Batorshyn, Ilia"]
[Result "1/2-1/2"]
[WhiteElo "2071"]
[BlackElo "2267"]
[WhiteFideId "-1"]
[BlackFideId "-1"]
[PlyCount "91"]
[GameId "2274321074760722"]
[EventDate "2026.01.07"]
[EventType "tourn"]
[EventRounds "5"]
[EventCountry "CAN"]

1. e4 c6 2. d4 d5 3. e5 Bf5 4. Nf3 e6 5. Be2 c5 6. c3 Nc6 7. O-O cxd4 8. Nxd4 Nge7 9. Bb5 Bg6 10. Na3 a6 11. Ba4 Qc7 12. c4 Rd8 13. Bg5 Qxe5 14. Bxe7 Bxe7 15. Bxc6+ bxc6 16. Nxc6 Qxb2 17. Nxd8 Qxa3 18. Nc6 Bf6 19. Rc1 Bb2 20. cxd5 Bxc1 21. dxe6 O-O 22. Qxc1 Qxa2 23. e7 Re8 24. Rd1 Be4 25. f3 Bg6 26. Rd8 f6 27. Nb4 Qa5 28. Qc4+ Kh8 29. Qd4 Qc7 30. Rxe8+ Bxe8 31. Qd8 Qc5+ 32. Kf1 Qb5+ 33. Kg1 Kg8 34. Nxa6 Kf7 35. Qc8 Qb1+ 36. Kf2 Qb2+ 37. Ke1 Qe5+ 38. Kf2 Qd4+ 39. Kg3 g5 40. h3 Qf4+ 41. Kf2 Qd4+ 42. Kg3 Qe5+ 43. Kf2 Qxe7 44. Qc4+ Kg7 45. Nc5 Bf7 46. Qd4 1/2-1/2

[Event "Mercredi 2026.01.07 ABCD"]
[Site "Montreal CAN"]
[Date "2026.01.14"]
[Round "2"]
[White "Genzling, Jerome"]
[Black "Pomerantz, Daniel"]
[Result "1-0"]
[WhiteElo "2140"]
[BlackElo "2053"]
[WhiteFideId "-1"]
[BlackFideId "-1"]
[PlyCount "107"]
[GameId "2274321074764819"]
[EventDate "2026.01.07"]
[EventType "tourn"]
[EventRounds "5"]
[EventCountry "CAN"]

1. d4 Nf6 2. Bg5 d5 3. Nd2 c6 4. e3 Bf5 5. Ngf3 Nbd7 6. c4 e6 7. Qb3 Qb6 8. c5 Qxb3 9. axb3 Be7 10. b4 Ne4 11. Bxe7 Kxe7 12. b5 cxb5 13. Bxb5 f6 14. Nh4 Bg6 15. Nxg6+ hxg6 16. Nxe4 dxe4 17. c6 bxc6 18. Bxc6 Rab8 19. Rxa7 Rhd8 20. O-O Rxb2 21. Bxe4 f5 22. Bc6 Kd6 23. Bxd7 Rxd7 24. Rxd7+ Kxd7 25. h4 Ke7 26. Ra1 Rb6 27. Ra5 Kf7 28. g4 Rc6 29. Kg2 Rb6 30. Ra7+ Kg8 31. Kf3 Rc6 32. Kf4 Rc2 33. f3 Rc6 34. h5 gxh5 35. gxf5 exf5 36. Kxf5 Rf6+ 37. Ke4 h4 38. Ra2 Kf7 39. f4 Rh6 40. Kf5 Rf6+ 41. Kg4 Re6 42. Re2 Kf6 43. e4 Ke7 44. Kxh4 Rg6 45. Re3 Rg1 46. d5 Kd6 47. e5+ Ke7 48. Rg3 Rh1+ 49. Kg4 Rd1 50. Kf5 Rxd5 51. Rxg7+ Kf8 52. Ra7 Rd1 53. Kf6 Ke8 54. e6 1-0

[Event "Mercredi 2026.01.07 ABCD"]
[Site "Montreal CAN"]
[Date "2026.02.03"]
[Round "2"]
[White "Latorre, Vincent"]
[Black "Chapdelaine, Gwyn"]
[Result "1-0"]
[WhiteElo "2362"]
[BlackElo "2126"]
[WhiteFideId "-1"]
[BlackFideId "-1"]
[PlyCount "41"]
[GameId "2274321074764820"]
[EventDate "2026.01.07"]
[EventType "tourn"]
[EventRounds "5"]
[EventCountry "CAN"]

1. e4 c6 2. d4 d5 3. f3 dxe4 4. fxe4 e5 5. Nf3 Bg4 6. Bc4 Nd7 7. O-O Ngf6 8. c3 Bd6 9. Bg5 O-O 10. Nbd2 h6 11. Bh4 b5 12. Be2 Qb6 13. Kh1 Bxf3 14. Nxf3 Nxe4 15. Bd3 f5 16. dxe5 Bc5 17. Bxe4 fxe4 18. Qxd7 exf3 19. Rxf3 Rxf3 20. gxf3 Bf2 21. Bf6 1-0

[Event "Mercredi 2026.01.07 ABCD"]
[Site "Montreal CAN"]
[Date "2026.01.21"]
[Round "3"]
[White "Batorshyn, Ilia"]
[Black "Latorre, Vincent"]
[Result "0-1"]
[WhiteElo "2267"]
[BlackElo "2362"]
[WhiteFideId "-1"]
[BlackFideId "-1"]
[PlyCount "64"]
[GameId "2274321074768917"]
[EventDate "2026.01.07"]
[EventType "tourn"]
[EventRounds "5"]
[EventCountry "CAN"]

1. d4 Nf6 2. Bf4 e6 3. e3 b6 4. Qf3 Nc6 5. Nc3 Bb7 6. O-O-O a6 7. e4 d5 8. e5 Nd7 9. Kb1 Na5 10. h4 c5 11. Nce2 Nc4 12. Nh3 cxd4 13. Nxd4 Ncxe5 14. Qh5 Ng6 15. Bg5 Nf6 16. Qe2 h5 17. f4 Qe7 18. f5 exf5 19. Qf3 Qe5 20. Bd3 Ne4 21. Nxf5 Bc5 22. Rhf1 O-O 23. Qxh5 Rae8 24. Bxe4 Qxe4 25. Bd2 Be7 26. Rde1 Qc4 27. Nxe7+ Rxe7 28. Ng5 Rfe8 29. Qh7+ Kf8 30. g3 Rxe1+ 31. Rxe1 Rxe1+ 32. Bxe1 Qf1 0-1

[Event "Mercredi 2026.01.07 ABCD"]
[Site "Montreal CAN"]
[Date "2026.01.21"]
[Round "3"]
[White "Ramesan, Raunak Amit"]
[Black "Genzling, Jerome"]
[Result "1/2-1/2"]
[WhiteElo "2071"]
[BlackElo "2140"]
[WhiteFideId "-1"]
[BlackFideId "-1"]
[PlyCount "62"]
[GameId "2274321074768918"]
[EventDate "2026.01.07"]
[EventType "tourn"]
[EventRounds "5"]
[EventCountry "CAN"]

1. e4 d5 2. exd5 Qxd5 3. Nc3 Qd8 4. d4 Nf6 5. Nf3 g6 6. Bf4 Bg7 7. Qd2 h6 8. Bc4 c6 9. Ne5 Nd5 10. Nxd5 cxd5 11. Bd3 Nd7 12. O-O-O Qb6 13. c3 Nxe5 14. Bxe5 Bxe5 15. dxe5 Be6 16. Kb1 a5 17. f4 a4 18. a3 Rc8 19. Rhf1 d4 20. Rc1 Qb3 21. c4 b5 22. Rf3 bxc4 23. Bxc4 Bf5+ 24. Bd3 Rxc1+ 25. Kxc1 Bxd3 26. Rxd3 Qa2 27. Rxd4 O-O 28. Rd8 Qc4+ 29. Kb1 Qf1+ 30. Ka2 Qc4+ 31. Kb1 Qf1+ 1/2-1/2

[Event "Mercredi 2026.01.07 ABCD"]
[Site "Montreal CAN"]
[Date "2026.01.28"]
[Round "4"]
[White "Latorre, Vincent"]
[Black "Ramesan, Raunak Amit"]
[Result "1-0"]
[WhiteElo "2362"]
[BlackElo "2071"]
[WhiteFideId "-1"]
[BlackFideId "-1"]
[PlyCount "95"]
[GameId "2274321074768919"]
[EventDate "2026.01.07"]
[EventType "tourn"]
[EventRounds "5"]
[EventCountry "CAN"]

1. e4 e5 2. Nf3 Nc6 3. Bb5 a6 4. Ba4 Nf6 5. d3 b5 6. Bb3 Be7 7. O-O O-O 8. Re1 d6 9. a4 b4 10. a5 Rb8 11. Nbd2 Be6 12. Bc4 Qc8 13. c3 bxc3 14. bxc3 Rd8 15. Qa4 Na7 16. Bxe6 Qxe6 17. d4 c5 18. d5 Qd7 19. Qc2 Rb7 20. Rf1 Rdb8 21. c4 Nh5 22. Ne1 Bf6 23. g3 g6 24. Nd3 Nc8 25. Ba3 Qc7 26. Bb2 Bg7 27. Bc3 Ne7 28. f4 exf4 29. Bxg7 Kxg7 30. g4 Nf6 31. Qc3 h6 32. Rxf4 Neg8 33. Raf1 Qd8 34. h4 Kf8 35. Rxf6 Nxf6 36. Rxf6 Qd7 37. Rf4 Kg8 38. Kg2 Qa4 39. Rf1 Re8 40. e5 Qd7 41. e6 fxe6 42. Ne4 Rf8 43. Rxf8+ Kxf8 44. Qh8+ Ke7 45. Nf6 Qa4 46. Qg7+ Kd8 47. Qxb7 Qc2+ 48. Nf2 1-0

[Event "Mercredi 2026.01.07 ABCD"]
[Site "Montreal CAN"]
[Date "2026.01.28"]
[Round "4"]
[White "Genzling, Jerome"]
[Black "Chapdelaine, Gwyn"]
[Result "1-0"]
[WhiteElo "2140"]
[BlackElo "2126"]
[WhiteFideId "-1"]
[BlackFideId "-1"]
[PlyCount "127"]
[GameId "2274321074773016"]
[EventDate "2026.01.07"]
[EventType "tourn"]
[EventRounds "5"]
[EventCountry "CAN"]

1. e4 c6 2. Nf3 d5 3. Nc3 dxe4 4. Nxe4 Nf6 5. Qe2 Nxe4 6. Qxe4 Nd7 7. Bc4 Nf6 8. Ne5 e6 9. Qe2 Be7 10. c3 O-O 11. d4 c5 12. Be3 cxd4 13. Bxd4 Qc7 14. O-O b6 15. Rfe1 Bb7 16. Bb3 Bc5 17. Rad1 Rad8 18. Nxf7 Rxf7 19. Bxc5 bxc5 20. Rxd8+ Qxd8 21. Qxe6 Nd5 22. Rd1 c4 23. Bxc4 Qh4 24. Bxd5 Qxf2+ 25. Kh1 Bxd5 26. Qxd5 h6 27. h3 Kh8 28. b4 Rf5 29. Qe4 Rf8 30. a4 Qb2 31. Qe5 a5 32. Rd7 Rg8 33. bxa5 Qa1+ 34. Kh2 Qxa4 35. Re7 Qc4 36. Re6 Kh7 37. Qe4+ Qxe4 38. Rxe4 Rc8 39. a6 Rxc3 40. Ra4 Rc8 41. a7 Ra8 42. Kg3 g5 43. Kg4 Kg6 44. Ra6+ Kf7 45. Rxh6 Rxa7 46. Kxg5 Ra5+ 47. Kh4 Kg7 48. Rb6 Kf7 49. g4 Kg7 50. g5 Kh7 51. Kh5 Kg7 52. Rb7+ Kg8 53. Kh6 Ra6+ 54. g6 Ra8 55. h4 Rd8 56. h5 Rc8 57. Rb5 Rf8 58. Kg5 Kh8 59. h6 Rd8 60. Rb6 Rc8 61. Rd6 Re8 62. Kf6 Rf8+ 63. Ke7 Rf7+ 64. gxf7 1-0

[Event "Mercredi 2026.01.07 ABCD"]
[Site "Montreal CAN"]
[Date "2026.01.28"]
[Round "4"]
[White "Pomerantz, Daniel"]
[Black "Batorshyn, Ilia"]
[Result "0-1"]
[WhiteElo "2053"]
[BlackElo "2267"]
[WhiteFideId "-1"]
[BlackFideId "-1"]
[PlyCount "70"]
[GameId "2274321074773017"]
[EventDate "2026.01.07"]
[EventType "tourn"]
[EventRounds "5"]
[EventCountry "CAN"]

1. e4 c6 2. d4 d5 3. e5 Bf5 4. Nf3 e6 5. Be2 c5 6. c3 Nc6 7. O-O cxd4 8. Nxd4 Nge7 9. Bb5 Bg6 10. Na3 a6 11. Ba4 Rc8 12. c4 Nf5 13. Nxf5 Bxf5 14. cxd5 exd5 15. Bb3 Be6 16. Nc2 Bc5 17. Ne3 Bxe3 18. Bxe3 d4 19. Bxe6 fxe6 20. Qg4 dxe3 21. Qxe6+ Ne7 22. Rfd1 exf2+ 23. Kxf2 Rc2+ 24. Kg1 Qc8 25. Qb3 Qc6 26. Qg3 Nf5 27. Qg5 O-O 28. Rf1 h6 29. Qg4 Rxb2 30. Rac1 Rxg2+ 31. Qxg2 Qxg2+ 32. Kxg2 Ne3+ 33. Kh3 Rxf1 34. Rc7 Rf3+ 35. Kh4 Rf7 0-1

[Event "Mercredi 2026.01.07 ABCD"]
[Site "Montreal CAN"]
[Date "2026.02.04"]
[Round "5"]
[White "Pomerantz, Daniel"]
[Black "Latorre, Vincent"]
[Result "0-1"]
[WhiteElo "2053"]
[BlackElo "2362"]
[WhiteFideId "-1"]
[BlackFideId "-1"]
[PlyCount "94"]
[GameId "2274321074773018"]
[EventDate "2026.01.07"]
[EventType "tourn"]
[EventRounds "5"]
[EventCountry "CAN"]

1. e4 e5 2. Nf3 Nc6 3. Bb5 a6 4. Ba4 Nf6 5. O-O Bc5 6. c3 b5 7. Bb3 d6 8. a4 Rb8 9. d4 Bb6 10. a5 Ba7 11. h3 O-O 12. Be3 Nxe4 13. Bd5 exd4 14. cxd4 Qe8 15. Qc2 Nb4 16. Qxe4 Qxe4 17. Bxe4 f5 18. Nc3 fxe4 19. Nxe4 Bb7 20. Ned2 Bd5 21. Rfc1 c6 22. Rc3 Rbc8 23. Ne1 Be6 24. Ne4 Bb8 25. Bg5 Bf5 26. Ng3 Bg6 27. Nf3 h6 28. Bd2 Nd3 29. b4 Nxb4 30. Nh4 Kh7 31. Nxg6 Kxg6 32. Ne4 Nd5 33. Rg3+ Kh7 34. Rc1 c5 35. dxc5 dxc5 36. Rd3 Nf4 37. Bxf4 Rxf4 38. f3 c4 39. Rd7 Rf5 40. Rb7 Kg8 41. Kf2 Rf7 42. Rxf7 Kxf7 43. Ke2 Bf4 44. Rc2 b4 45. g3 b3 46. Rb2 Be5 47. Rb1 c3 0-1

[Event "Mercredi 2026.01.07 ABCD"]
[Site "Montreal CAN"]
[Date "2026.02.04"]
[Round "5"]
[White "Chapdelaine, Gwyn"]
[Black "Ramesan, Raunak Amit"]
[Result "0-1"]
[WhiteElo "2126"]
[BlackElo "2071"]
[WhiteFideId "-1"]
[BlackFideId "-1"]
[PlyCount "148"]
[GameId "2274321074777115"]
[EventDate "2026.01.07"]
[EventType "tourn"]
[EventRounds "5"]
[EventCountry "CAN"]

1. d4 Nf6 2. c4 e6 3. g3 d5 4. Bg2 Bb4+ 5. Nd2 O-O 6. a3 Be7 7. Ngf3 b6 8. O-O Bb7 9. Ne5 Nbd7 10. b4 c5 11. bxc5 bxc5 12. cxd5 Nxe5 13. dxe5 Nxd5 14. Nc4 Nc3 15. Qxd8 Nxe2+ 16. Kh1 Bxg2+ 17. Kxg2 Rfxd8 18. Be3 Nd4 19. Rac1 Rab8 20. Na5 Rb5 21. Nc4 h6 22. Rfd1 Rd5 23. Bxd4 Rxd4 24. Rxd4 cxd4 25. Kf3 Bxa3 26. Nxa3 Rb3+ 27. Ke4 Rxa3 28. Kxd4 Ra2 29. Rf1 g5 30. h4 gxh4 31. gxh4 Ra4+ 32. Ke3 h5 33. f4 a5 34. Rg1+ Kh7 35. Rg5 Kh6 36. Rg8 Ra3+ 37. Ke4 Rh3 38. Ra8 Rxh4 39. Rxa5 Kg6 40. Ra8 Rh1 41. Rg8+ Kh7 42. Rg2 Rh3 43. Rg1 Kh6 44. Rg2 Rh1 45. Rg8 h4 46. Rh8+ Kg7 47. Rh5 Kg6 48. Rg5+ Kh6 49. Kf3 h3 50. Rg3 Kh5 51. Rg5+ Kh4 52. Rg4+ Kh5 53. Rg5+ Kh6 54. Rg3 Kh7 55. Kg4 h2 56. Kh3 Rf1 57. Kxh2 Rxf4 58. Kh3 Rf5 59. Re3 Kh6 60. Kg4 Rf1 61. Re2 Kg6 62. Re3 Ra1 63. Re4 Rf1 64. Re3 Rf5 65. Re2 Kg7 66. Re3 Kf8 67. Re2 Ke7 68. Re3 Kd7 69. Rd3+ Kc6 70. Rc3+ Kd5 71. Rb3 Kxe5 72. Rb5+ Kf6 73. Rxf5+ exf5+ 74. Kf4 Ke6 0-1

[Event "Mercredi 2026.01.07 ABCD"]
[Site "Montreal CAN"]
[Date "2026.02.04"]
[Round "5"]
[White "Batorshyn, Ilia"]
[Black "Genzling, Jerome"]
[Result "1-0"]
[WhiteElo "2267"]
[BlackElo "2140"]
[WhiteFideId "-1"]
[BlackFideId "-1"]
[PlyCount "43"]
[GameId "2274321074777116"]
[EventDate "2026.01.07"]
[EventType "tourn"]
[EventRounds "5"]
[EventCountry "CAN"]

1. e4 c5 2. c3 d5 3. exd5 Nf6 4. Bb5+ Nbd7 5. d4 Qa5 6. Qb3 cxd4 7. Nf3 dxc3 8. Nxc3 a6 9. Bxd7+ Nxd7 10. O-O b5 11. Be3 Bb7 12. Rad1 O-O-O 13. Ba7 Ba8 14. a4 b4 15. Na2 e5 16. dxe6 fxe6 17. Qxe6 Bxf3 18. Rxd7 Rxd7 19. Rc1+ Qc7 20. Rxc7+ Kxc7 21. Qb6+ Kc8 22. Qb8# 1-0

[Event "Mercredi 2026.01.07 ABCD"]
[Site "Montreal CAN"]
[Date "2026.01.07"]
[Round "1"]
[White "Di Matteo, Alessio"]
[Black "Nassif, Aba"]
[Result "1-0"]
[WhiteElo "2034"]
[BlackElo "1910"]
[WhiteFideId "-1"]
[BlackFideId "-1"]
[PlyCount "93"]
[GameId "2274321074781213"]
[EventDate "2026.01.07"]
[EventType "tourn"]
[EventRounds "5"]
[EventCountry "CAN"]

1. d4 e6 2. c4 Nf6 3. Nc3 Bb4 4. a3 Bxc3+ 5. bxc3 Ne4 6. Nf3 f5 7. Qc2 O-O 8. e3 b6 9. Bd3 Bb7 10. a4 d6 11. O-O Nd7 12. Ne1 d5 13. cxd5 exd5 14. c4 c5 15. Bb2 Rc8 16. Qe2 Nd6 17. cxd5 c4 18. Bc2 Bxd5 19. Ba3 Rc6 20. Nf3 Qf6 21. Rfb1 Re8 22. Bxd6 Rxd6 23. a5 g5 24. Ba4 g4 25. Ne5 Rxe5 26. dxe5 Nxe5 27. Qb2 c3 28. Qb4 Be4 29. Rd1 Nd3 30. Qc4+ Kg7 31. axb6 axb6 32. Bc2 Rc6 33. Ra7+ Kh6 34. Qg8 Qg6 35. Qf8+ Kh5 36. Rg7 Rf6 37. Qg8 g3 38. Rxh7+ Kg5 39. f4+ Nxf4 40. Rg7 Ne2+ 41. Kh1 Bxc2 42. h4+ Kh5 43. Rh7+ Kg4 44. Rg7 Kh5 45. Rdd7 f4 46. Rxg6 Bxg6 47. Rd5+ 1-0

[Event "Mercredi 2026.01.07 ABCD"]
[Site "Montreal CAN"]
[Date "2026.01.07"]
[Round "1"]
[White "Porlier, Xavier"]
[Black "Ghnatios, Ralph"]
[Result "1/2-1/2"]
[WhiteElo "1917"]
[BlackElo "2007"]
[WhiteFideId "-1"]
[BlackFideId "-1"]
[PlyCount "83"]
[GameId "2274321074781214"]
[EventDate "2026.01.07"]
[EventType "tourn"]
[EventRounds "5"]
[EventCountry "CAN"]

1. e4 c5 2. Nc3 g6 3. f4 Bg7 4. Nf3 Nc6 5. Bb5 Nd4 6. Bd3 d6 7. Nxd4 cxd4 8. Ne2 Nf6 9. O-O O-O 10. c3 Bg4 11. h3 Qb6 12. Kh2 Bxe2 13. Qxe2 Nh5 14. Bc4 Rac8 15. d3 dxc3 16. bxc3 Bxc3 17. Be3 Qa5 18. Rab1 b6 19. Rb5 Qa4 20. Rg5 Nf6 21. e5 Ne4 22. Rg4 dxe5 23. f5 Rxc4 24. dxc4 Nf6 25. Rh4 Rc8 26. Rc1 Qa3 27. Rd1 e4 28. fxg6 hxg6 29. Bf4 Qc5 30. Be3 Be5+ 31. Kh1 Qc7 32. Bg5 Nh5 33. Rxh5 gxh5 34. Qxh5 Bg7 35. Qg4 Rd8 36. Rxd8+ Qxd8 37. Bh6 Qd4 38. Bxg7 Qxg7 39. Qxe4 Qa1+ 40. Kh2 Qxa2 41. Qg4+ Kf8 42. Qc8+ 1/2-1/2

[Event "Mercredi 2026.01.07 ABCD"]
[Site "Montreal CAN"]
[Date "2026.01.07"]
[Round "1"]
[White "Singher, Jean-Pierre"]
[Black "Lopez Linares, Lizandro"]
[Result "0-1"]
[WhiteElo "1935"]
[BlackElo "2011"]
[WhiteFideId "-1"]
[BlackFideId "-1"]
[PlyCount "42"]
[GameId "2274321074785311"]
[EventDate "2026.01.07"]
[EventType "tourn"]
[EventRounds "5"]
[EventCountry "CAN"]

1. d4 d5 2. c4 c6 3. Nf3 Nf6 4. g3 e6 5. Bg2 Nbd7 6. O-O b6 7. b3 Bb7 8. Bb2 Be7 9. Nc3 O-O 10. Rc1 Rc8 11. cxd5 exd5 12. Nh4 Re8 13. Nf5 Bf8 14. Qd2 h6 15. Rfe1 Ne4 16. Nxe4 dxe4 17. Qf4 Nf6 18. d5 Nxd5 19. Qg4 Qg5 20. Qh3 Rcd8 21. Red1 Bc8 0-1

[Event "Mercredi 2026.01.07 ABCD"]
[Site "Montreal CAN"]
[Date "2026.01.14"]
[Round "2"]
[White "Nassif, Aba"]
[Black "Lopez Linares, Lizandro"]
[Result "1-0"]
[WhiteElo "1910"]
[BlackElo "2011"]
[WhiteFideId "-1"]
[BlackFideId "-1"]
[PlyCount "57"]
[GameId "2274321074789408"]
[EventDate "2026.01.07"]
[EventType "tourn"]
[EventRounds "5"]
[EventCountry "CAN"]

1. e4 e6 2. Qe2 c5 3. Nf3 Nc6 4. g3 Qc7 5. Bg2 Nf6 6. O-O d6 7. c3 Be7 8. d4 d5 9. e5 Ne4 10. Nbd2 Nxd2 11. Bxd2 O-O 12. dxc5 Bxc5 13. b4 Bb6 14. Rac1 Qe7 15. a3 Bd7 16. Bf4 a5 17. b5 Nd8 18. a4 Rc8 19. Qa2 f6 20. c4 d4 21. Rfd1 Nf7 22. Qe2 Qc5 23. exf6 gxf6 24. Nxd4 e5 25. Nb3 Qe7 26. Bxb7 Rc7 27. Bd5 Kh8 28. Be3 Bxe3 29. Qxe3 1-0